000 01482cam a2200337 a 4500
999 _c1255
_d1255
001 4047637
003 OSt
005 20221227124158.0
008 990309s1999 nyua c 000 1 eng
010 _a 99014750
020 _a9780064407663
040 _aDLC
_cDLC
_dDLC
_dKH8
042 _alcac
082 0 0 _aFIC SNI
_221
100 1 _aSnicket, Lemony.
_eAUTHOR
245 1 4 _aThe Bad Beginning /
_cby Lemony Snicket ; illustrations by Brett Helquist.
250 _a1st ed.
260 _aNew York :
_bHarperCollins Publishers,
_c1999.
300 _a162 p.
_bill.
_c19 cm.
490 1 _aA series of unfortunate events ;
_vbk. 1
520 _aAfter the sudden death of their parents, the three Baudelaire children must depend on each other and their wits when it turns out that the distant relative who is appointed their guardian is determined to use any means necessary to get their fortune.
650 1 _aOrphans
_vFiction.
650 1 _aBrothers and sisters
_vFiction.
650 1 _aHumorous stories.
700 1 _aHelquist, Brett,
_eill.
800 1 _aSnicket, Lemony.
_tSeries of unfortunate events ;
_vbk. 1.
856 4 2 _3Publisher description
_uhttp://www.loc.gov/catdir/description/hc043/99014750.html
906 _a7
_bcbc
_corignew
_d1
_eocip
_f19
_gy-gencatlg
942 _2ddc
_cFIC